000
00238nam a22000857a 4500
008
161130b xxu||||| |||| 00| 0 eng d
100
_9
1619
_a
Saraswathi,V
245
_a
Companion Teacher's Edition Ist
260
_a
New Delhi
_b
Orient Longman
_c
2006
999
_c
4332
_d
4332